| 000 | 02438 a2200361 4500 | ||
|---|---|---|---|
| 005 | 20140905144916.0 | ||
| 008 | 140220s2009 xx g 0 m mul d | ||
| 040 |
_aCO-BoUCM _bspa _cJose A. Gerena (modificó) _d[Nuevo] |
||
| 041 | _aeng | ||
| 041 | _aspa | ||
| 092 | _aDVD 1295 | ||
| 245 | 0 | 0 |
_aState of Play _cKevin Macdonald, director _h[DVD] |
| 246 | 1 | 3 | _aLa sombra del poder |
| 260 |
_a[Lugar desconocido] _bUniversal Pictures _c2009 |
||
| 300 |
_a1 DVD, 128 minutos _bimagen, sonido |
||
| 500 | _aSINOPSIS: Un ladrón de poca monta es abatido a tiros en un callejón y el ayudante de un congresista cae delante de un metro - dos muertes aparentemente no relacionadas. Pero un periodista insolente Cal McAffrey espía una conspiración en espera de ser descubierto. Con un pasado turbulento conectado a la congresista y la ayuda de la ambiciosa joven escritora novata Della Frye, Cal comienza el desarraigo que le llevan a una persona jurídica llena de información privilegiada que está encubriendo a informantes y asesinos. Pero a medida que se acerca más a la verdad, el periodista implacable debe decidir si vale la pena arriesgar su vida o vender su alma para conseguir la historia final | ||
| 508 | _aCRÉDITOS: Dirigida por Kevin Macdonald; guion por Matthew Michael Carnahan; música por Alex Heffes; diseño de producción por Mark Friedberg; dirección de arte por Gregory S. Hooper; ambientación por Cheryl Carasik; vestuario por Jacqueline West | ||
| 511 | 0 | _aREPARTO: Russell Crowe, Ben Affleck, Rachel McAdams, Helen Mirren, Robin Wright, Jason Bateman, Jeff Daniels, Michael Berresse, Harry Lennix, Josh Mostel | |
| 546 | _aAudio en inglés, español y francés. Subtítulos en inglés, español y francés | ||
| 650 | 4 |
_921369 _aPeriodistas en el cine _vDVD |
|
| 650 | 7 |
_951326 _aPelículas cinematográficas _zEstados Unidos _vDVD |
|
| 690 |
_942805 _aEntretenimiento |
||
| 690 |
_942898 _aPeriodismo |
||
| 700 | 1 |
_aMacdonald, Kevin _edirector _956952 |
|
| 710 | 2 |
_aUniversal Pictures _950661 |
|
| 710 | 2 |
_aWorking Title Films _956642 |
|
| 710 | 2 |
_aStudioCanal _956953 |
|
| 710 | 2 |
_aRelativity Media _950662 |
|
| 710 | 2 |
_aAndell Entertainment _956954 |
|
| 765 | 0 | _tState of Play | |
| 856 | 4 | 0 |
_uhttps://www.youtube.com/watch?v=6KU0Vu991XE _zSiga este enlace para ver el trailer _zTrailer tomado del canal MoviemanTrailers vía YouTube.com |
| 942 |
_2LOCAL _a11 _cMULTIMEDIA _e1 _hDVD 1295 |
||
| 999 |
_c239724 _d239724 |
||